[Event "GBR-ch 111th"]
[Site "Liverpool"]
[Date "2025.08.04"]
[Round "3.43"]
[White "Dicen, Elis Denele"]
[Black "Jackson, Edward"]
[Result "0-1"]
[WhiteElo "2069"]
[BlackElo "2194"]
[PlyCount "222"]
[EventDate "2025.08.02"]
[EventType "swiss"]
[EventRounds "9"]
[EventCountry "GBR"]
[SourceTitle "BritBase"]
[Source "John Saunders"]
[SourceDate "2025.08.11"]
[SourceVersion "1"]
[SourceVersionDate "2025.08.11"]
[SourceQuality "1"]

1. Nf3 Nf6 2. g3 d5 3. Bg2 e6 4. O-O Be7 5. c4 dxc4 6. Qa4+ c6 7. Qxc4 O-O 8. d4 b5 9. Qc2 Bb7 10. Rd1 Qb6 11. Bg5 h6 12. Bxf6 Bxf6 13. a4 a5 14. Nc3 Nd7 15. Ne4 Be7 16. Rac1 bxa4 17. Qxa4 Qb5 18. Qc2 Ba6 19. Nc3 Qb4 20. e3 Rab8 21. Rb1 Rfc8 22. Nd2 Nf6 23. Nde4 Nd5 24. Na4 Bc4 25. Nec5 Bb3 26. Nxb3 Qxa4 27. Na1 Qb4 28. e4 Nf6 29. Qe2 Qb5 30. Qe3 e5 31. Nc2 a4 32. h3 Qb3 33. Qe2 Qb5 34. Qe3 Qa5 35. Rd3 Rb6 36. Na3 exd4 37. Qxd4 Bc5 38. Qc3 Qxc3 39. Rxc3 Bd4 40. Rc4 c5 41. Rxa4 Rxb2 42. Rxb2 Bxb2 43. Nc4 Bd4 44. Ra2 Rb8 45. Kf1 Rb4 46. Rc2 h5 47. Nd6 g6 48. Bf3 Nd7 49. Nc4 Kg7 50. Ke2 Ra4 51. Bg2 Ra8 52. Nd2 Ne5 53. Nb3 Ra6 54. Nd2 Ra3 55. Nb1 Ra1 56. Nd2 Nc6 57. Nb3 Ra3 58. Nc1 Nb4 59. Rd2 Bc3 60. Rd7 Bd4 61. e5 Rc3 62. Kd2 Rc2+ 63. Kd1 Bxe5 64. Ne2 Rc4 65. Bd5 Nxd5 66. Rxd5 Kf6 67. Kd2 Ke6 68. Rd8 Ra4 69. Ke3 Ra3+ 70. Kd2 h4 71. gxh4 Rxh3 72. Rc8 Kd6 73. Rd8+ Ke7 74. Rc8 Bd6 75. Rh8 Ke6 76. Ng1 Rh2 77. Ke3 Kf6 78. Nf3 Rh1 79. Rd8 Be7 80. Rh8 Kg7 81. Rc8 Ra1 82. Rc7 Bd6 83. Rd7 Ra3+ 84. Ke2 Bf4 85. Rd5 Ra2+ 86. Ke1 c4 87. Rc5 Ra1+ 88. Ke2 Ra2+ 89. Ke1 Ra4 90. Ke2 Bd6 91. Rc6 Bf4 92. Nd4 Be5 93. Nf3 Bf6 94. Rc5 c3 95. Kd3 Ra2 96. Ke3 Ra3 97. Ke2 Kf8 98. Rc6 Ke7 99. Rc4 Kd6 100. Ne1 Ra2+ 101. Ke3 Kd5 102. Rc7 Bd4+ 103. Kf3 Rxf2+ 104. Kg4 Be5 105. Rc8 Rf4+ 106. Kg5 Rc4 107. Rd8+ Ke6 108. Re8+ Kd6 109. Nd3 c2 110. Rd8+ Ke7 111. Rd5 Bf6+ 0-1

[Event "GBR-ch 111th"]
[Site "Liverpool"]
[Date "2025.08.04"]
[Round "3.44"]
[White "Murawski, Jan"]
[Black "Patel, Zain"]
[Result "1-0"]
[WhiteElo "2189"]
[BlackElo "2048"]
[PlyCount "109"]
[EventDate "2025.08.02"]
[EventType "swiss"]
[EventRounds "9"]
[EventCountry "GBR"]
[SourceTitle "BritBase"]
[Source "John Saunders"]
[SourceDate "2025.08.11"]
[SourceVersion "1"]
[SourceVersionDate "2025.08.11"]
[SourceQuality "1"]

1. d4 Nf6 2. c4 e6 3. Nf3 d5 4. Nc3 c5 5. cxd5 Nxd5 6. e4 Nxc3 7. bxc3 cxd4 8. cxd4 Bb4+ 9. Bd2 Bxd2+ 10. Qxd2 O-O 11. Bc4 Nd7 12. O-O b6 13. Rad1 Bb7 14. Rfe1 Rc8 15. Bb3 Re8 16. h3 Nf6 17. Qf4 Qc7 18. Ne5 Re7 19. g4 Nd7 20. g5 b5 21. Rc1 Qd6 22. Rxc8+ Bxc8 23. Ng6 Qxf4 24. Nxf4 Bb7 25. f3 e5 26. Bd5 exf4 27. Bxb7 Ne5 28. Rc1 g6 29. dxe5 Rxb7 30. Rc8+ Kg7 31. h4 b4 32. Kg2 a5 33. Ra8 Rb5 34. Kh3 Rxe5 35. Kg4 Rc5 36. Kxf4 Rb5 37. Kg4 Re5 38. Ra7 Kf8 39. Kg3 Rc5 40. Kf4 Ke8 41. Kg4 Re5 42. Kf4 Rc5 43. Kg3 Kd8 44. Rxf7 Rc2 45. Rxh7 Rxa2 46. h5 Ke8 47. hxg6 Kf8 48. Rb7 Rc2 49. Kg4 Rc4 50. Kh5 Rc1 51. g7+ Kg8 52. Kh6 Rc8 53. f4 b3 54. f5 b2 55. f6 1-0

[Event "GBR-ch 111th"]
[Site "Liverpool"]
[Date "2025.08.04"]
[Round "3.45"]
[White "Yu, Rock"]
[Black "Strade, Arita"]
[Result "1-0"]
[WhiteElo "2107"]
[BlackElo "1971"]
[PlyCount "51"]
[EventDate "2025.08.02"]
[EventType "swiss"]
[EventRounds "9"]
[EventCountry "GBR"]
[SourceTitle "BritBase"]
[Source "John Saunders"]
[SourceDate "2025.08.11"]
[SourceVersion "1"]
[SourceVersionDate "2025.08.11"]
[SourceQuality "1"]

1. e4 c5 2. Nc3 d6 3. d4 cxd4 4. Qxd4 Bd7 5. b3 Nc6 6. Qd2 g6 7. Bb2 Bg7 8. O-O-O Nf6 9. f3 Rc8 10. g4 h6 11. h4 Ne5 12. Bg2 b5 13. Nge2 b4 14. Nd5 Nxd5 15. exd5 O-O 16. Qxb4 a5 17. Qd2 Bb5 18. Kb1 a4 19. Nd4 axb3 20. axb3 Ba6 21. f4 Nxg4 22. Bh3 h5 23. Bxg4 hxg4 24. h5 e5 25. dxe6 Qf6 26. h6 1-0

[Event "GBR-ch 111th"]
[Site "Liverpool"]
[Date "2025.08.04"]
[Round "3.46"]
[White "Chan, Sheng Liang Bernard"]
[Black "Turner, Lewis A"]
[Result "1-0"]
[WhiteElo "2098"]
[BlackElo "1965"]
[PlyCount "81"]
[EventDate "2025.08.02"]
[EventType "swiss"]
[EventRounds "9"]
[EventCountry "GBR"]
[SourceTitle "BritBase"]
[Source "John Saunders"]
[SourceDate "2025.08.11"]
[SourceVersion "1"]
[SourceVersionDate "2025.08.11"]
[SourceQuality "1"]

1. d4 Nf6 2. Bf4 g6 3. e3 Bg7 4. Nf3 O-O 5. Be2 d6 6. h3 Nfd7 7. O-O Nc6 8. c4 e5 9. Bh2 f5 10. Nc3 Kh8 11. Rc1 h6 12. Nd5 g5 13. c5 f4 14. cxd6 cxd6 15. dxe5 dxe5 16. Bb5 Ndb8 17. Bc4 Na5 18. Bb5 Nac6 19. Rc2 e4 20. Nxg5 Rf5 21. Rd2 Qxg5 22. Bxf4 Qg6 23. Nc7 Rxf4 24. exf4 Bxh3 25. g3 Bg4 26. Be2 Bxe2 27. Qxe2 Nd4 28. Rxd4 Bxd4 29. Kh2 Nd7 30. Nxa8 Nf6 31. Qd1 Ng4+ 32. Kg2 Bg7 33. Nc7 e3 34. f3 Nf2 35. Qc1 Bd4 36. Nd5 Qe6 37. Nxe3 Bxe3 38. Qc3+ Kg8 39. Rxf2 Bxf2 40. Kxf2 Qb6+ 41. Kg2 1-0

[Event "GBR-ch 111th"]
[Site "Liverpool"]
[Date "2025.08.04"]
[Round "3.47"]
[White "Jukes, Sam"]
[Black "Hryshchenko, Kamila"]
[Result "1/2-1/2"]
[WhiteElo "1972"]
[BlackElo "2097"]
[PlyCount "88"]
[EventDate "2025.08.02"]
[EventType "swiss"]
[EventRounds "9"]
[EventCountry "GBR"]
[SourceTitle "BritBase"]
[Source "John Saunders"]
[SourceDate "2025.08.11"]
[SourceVersion "1"]
[SourceVersionDate "2025.08.11"]
[SourceQuality "1"]

1. e4 d6 2. d4 Nf6 3. Nc3 e5 4. dxe5 dxe5 5. Bg5 Qxd1+ 6. Rxd1 Bb4 7. Bc4 Be6 8. Bxe6 fxe6 9. Nge2 Nbd7 10. f3 a6 11. Be3 Rg8 12. Nc1 g5 13. Nd3 Be7 14. g3 O-O-O 15. Ke2 Rdf8 16. Rdf1 b6 17. Rhg1 Kb7 18. a3 c5 19. f4 Ng4 20. Nxe5 Ndxe5 21. fxe5 Nxe5 22. Rxf8 Rxf8 23. Rf1 Rxf1 24. Kxf1 Bf6 25. Nd1 g4 26. Nf2 Nc4 27. Bc1 Nxb2 28. Nxg4 Bg7 29. Ke2 b5 30. Nf2 Kc6 31. g4 a5 32. h4 a4 33. Nd3 b4 34. Bxb2 Bxb2 35. axb4 Bd4 36. bxc5 Bc3 37. g5 a3 38. Nc1 Kxc5 39. Kd3 Be5 40. h5 Bf4 41. g6 hxg6 42. hxg6 Bxc1 43. g7 a2 44. g8=Q a1=Q 1/2-1/2

[Event "GBR-ch 111th"]
[Site "Liverpool"]
[Date "2025.08.04"]
[Round "3.48"]
[White "Carpenter, Paul A"]
[Black "Honey, Luke"]
[Result "1/2-1/2"]
[WhiteElo "1922"]
[BlackElo "2082"]
[PlyCount "112"]
[EventDate "2025.08.02"]
[EventType "swiss"]
[EventRounds "9"]
[EventCountry "GBR"]
[SourceTitle "BritBase"]
[Source "John Saunders"]
[SourceDate "2025.08.11"]
[SourceVersion "1"]
[SourceVersionDate "2025.08.11"]
[SourceQuality "1"]

1. b3 d5 2. Bb2 c5 3. g3 Nc6 4. Bg2 e5 5. e3 Nf6 6. d3 Be6 7. Ne2 Bd6 8. Nd2 Qd7 9. h3 h5 10. Nf3 Qe7 11. a3 Rd8 12. Ng5 Bd7 13. c4 d4 14. e4 h4 15. gxh4 Rxh4 16. Nf3 Rh8 17. Ng3 g6 18. Qd2 Nh5 19. Nxh5 Rxh5 20. O-O-O Qf6 21. Kc2 Bxh3 22. Rxh3 Rxh3 23. Bxh3 Qxf3 24. Bf1 Ke7 25. Qe1 Rh8 26. Be2 Qg2 27. Qf1 Rh2 28. Qxg2 Rxg2 29. Rf1 Ke8 30. Bc1 Be7 31. Bd2 Bh4 32. Be1 Nd8 33. Bf3 Rh2 34. Rh1 Rxh1 35. Bxh1 Ne6 36. Bf3 Nf4 37. Bg4 Ke7 38. b4 b6 39. b5 Kf6 40. a4 Kg5 41. Bd7 Kh5 42. Be8 Nh3 43. a5 Bd8 44. axb6 axb6 45. Bxf7 Ng5 46. Be8 Nf3 47. Kd1 Bg5 48. Bd7 Nh4 49. Bh3 Be7 50. Ke2 Bf6 51. f3 g5 52. Bg4+ Kh6 53. Kf2 Be7 54. Kg3 Ng6 55. Bd2 Kg7 56. Bf5 Nf4 1/2-1/2

[Event "GBR-ch 111th"]
[Site "Liverpool"]
[Date "2025.08.04"]
[Round "3.49"]
[White "Nevska, Gerda"]
[Black "Malinovskii, Ilia"]
[Result "0-1"]
[WhiteElo "1799"]
[BlackElo "2075"]
[PlyCount "104"]
[EventDate "2025.08.02"]
[EventType "swiss"]
[EventRounds "9"]
[EventCountry "GBR"]
[SourceTitle "BritBase"]
[Source "John Saunders"]
[SourceDate "2025.08.11"]
[SourceVersion "1"]
[SourceVersionDate "2025.08.11"]
[SourceQuality "1"]

1. c4 d6 2. Nc3 e5 3. e4 f5 4. d3 Nf6 5. g3 Be7 6. Bg2 O-O 7. exf5 Bxf5 8. Nge2 Nbd7 9. O-O Qe8 10. Bg5 c6 11. b4 Qg6 12. Bxf6 Nxf6 13. d4 Bd3 14. c5 Bc4 15. d5 Rad8 16. b5 dxc5 17. bxc6 bxc6 18. d6 Rxd6 19. Qa4 Bd5 20. Qxa7 Rd7 21. Qa4 c4 22. Rad1 Rfd8 23. Bh3 Ng4 24. Bg2 Bc5 25. Qa5 Bxg2 26. Rxd7 Rxd7 27. Kxg2 Bd4 28. h3 Nf6 29. Qa8+ Ne8 30. Re1 Kf8 31. Qa4 Qf7 32. Ne4 Qd5 33. f3 Qb5 34. Qa3+ Kf7 35. Ng5+ Kg6 36. Ne6 Ra7 37. Qc1 Rxa2 38. Qg5+ Kf7 39. Qf5+ Nf6 40. Nc7 Qa5 41. Qe6+ Kg6 42. Qxc4 Rxe2+ 43. Rxe2 Qxc7 44. f4 c5 45. Qe6 Qb7+ 46. Kh2 Qb1 47. Rg2 Qf5 48. Qb3 e4 49. Qc4 h5 50. Qe2 Nd5 51. Qa6+ Kh7 52. Qd6 h4 0-1

[Event "GBR-ch 111th"]
[Site "Liverpool"]
[Date "2025.08.04"]
[Round "3.50"]
[White "Liu, Jack"]
[Black "Korsinskij, Marek"]
[Result "0-1"]
[WhiteElo "2071"]
[BlackElo "1727"]
[PlyCount "112"]
[EventDate "2025.08.02"]
[EventType "swiss"]
[EventRounds "9"]
[EventCountry "GBR"]
[SourceTitle "BritBase"]
[Source "John Saunders"]
[SourceDate "2025.08.11"]
[SourceVersion "1"]
[SourceVersionDate "2025.08.11"]
[SourceQuality "1"]

1. e4 c5 2. Nf3 e6 3. d4 cxd4 4. Nxd4 a6 5. Bd3 Nf6 6. Qe2 d6 7. Nc3 b5 8. a3 Bb7 9. f4 h5 10. Be3 Nbd7 11. O-O-O Nc5 12. Bf2 Be7 13. Kb1 Qc7 14. Rhe1 Rc8 15. Rc1 Qa5 16. Nb3 Qc7 17. g3 Qb8 18. h3 e5 19. Nd5 Nxb3 20. cxb3 Rxc1+ 21. Rxc1 Nxd5 22. exd5 Bxd5 23. fxe5 dxe5 24. Bc5 f6 25. Bf5 Kf7 26. Qd1 Qb7 27. Bxe7 Kxe7 28. Rc5 Be4+ 29. Bxe4 Qxe4+ 30. Ka2 Qd4 31. Rc7+ Ke6 32. Qc2 Rd8 33. Rxg7 Rd7 34. Rg8 Qd5 35. Qc8 a5 36. Qe8+ Re7 37. Qxh5 a4 38. Qg4+ Kf7 39. Qg6+ Ke6 40. Qg4+ Kf7 41. Qg6+ Ke6 42. Rc8 e4 43. Qg4+ f5 44. Qg8+ Ke5 45. Qg5 Qe6 46. Rc5+ Kd4 47. Rxb5 e3 48. Qf4+ Kd3 49. Qf3 Rd7 50. Kb1 Kd2 51. Rb4 axb3 52. Qh1 Qd5 53. Qg1 Qd3+ 54. Ka1 e2 55. Qh2 Rc7 56. Rxb3 Qxb3 0-1

[Event "GBR-ch 111th"]
[Site "Liverpool"]
[Date "2025.08.05"]
[Round "4.1"]
[White "Royal, Shreyas"]
[Black "Vitiugov, Nikita"]
[Result "1/2-1/2"]
[WhiteElo "2495"]
[BlackElo "2676"]
[PlyCount "100"]
[EventDate "2025.08.02"]
[EventType "swiss"]
[EventRounds "9"]
[EventCountry "GBR"]
[SourceTitle "BritBase"]
[Source "John Saunders"]
[SourceDate "2025.08.11"]
[SourceVersion "1"]
[SourceVersionDate "2025.08.11"]
[SourceQuality "1"]

1. d4 Nf6 2. c4 e6 3. Nc3 Bb4 4. Nf3 c5 5. g3 cxd4 6. Nxd4 O-O 7. Bg2 d5 8. cxd5 Nxd5 9. Qb3 Nc6 10. Nxc6 bxc6 11. O-O Rb8 12. Rd1 Ba6 13. Bf4 Rb7 14. Qc2 Qb6 15. Na4 Qb5 16. Bf3 Nxf4 17. gxf4 Rc7 18. Rac1 Be7 19. Nc5 Bc8 20. b3 a5 21. Rd4 Qb6 22. Rc4 Rd8 23. Na4 Qb8 24. Nc5 Qa7 25. e3 g6 26. Qc3 Qb6 27. Kg2 Ba6 28. Nxa6 Qxa6 29. Ra4 Ra7 30. Qxc6 Qxc6 31. Rxc6 Rd2 32. Kg3 Rb2 33. Rb6 Kg7 34. Rb5 Bd8 35. Bb7 Rc2 36. a3 Rc7 37. Be4 Rd7 38. Kf3 Rd2 39. Bb7 Bh4 40. Raxa5 f5 41. e4 Rxa5 42. Rxa5 Rd3+ 43. Kg2 Rxb3 44. Ra7 Rb2 45. Bc8+ Kh6 46. Bxe6 fxe4 47. Kh3 Bxf2 48. Rd7 Rb8 49. Kg4 Re8 50. Bf7 Ra8 1/2-1/2

[Event "GBR-ch 111th"]
[Site "Liverpool"]
[Date "2025.08.05"]
[Round "4.2"]
[White "Han, Yichen"]
[Black "Ghasi, Ameet K"]
[Result "1/2-1/2"]
[WhiteElo "2430"]
[BlackElo "2501"]
[PlyCount "38"]
[EventDate "2025.08.02"]
[EventType "swiss"]
[EventRounds "9"]
[EventCountry "GBR"]
[SourceTitle "BritBase"]
[Source "John Saunders"]
[SourceDate "2025.08.11"]
[SourceVersion "1"]
[SourceVersionDate "2025.08.11"]
[SourceQuality "1"]

1. e4 e6 2. d4 d5 3. e5 c5 4. c3 Nc6 5. Nf3 Bd7 6. Be2 Nge7 7. Na3 cxd4 8. cxd4 Nf5 9. Nc2 Be7 10. Bd3 f6 11. O-O O-O 12. Bxf5 exf5 13. Re1 Be8 14. Bf4 g5 15. exf6 Bxf6 16. Bd2 Bh5 17. Bc3 Qd7 18. Qd3 Bxf3 19. Qxf3 f4 1/2-1/2

[Event "GBR-ch 111th"]
[Site "Liverpool"]
[Date "2025.08.05"]
[Round "4.3"]
[White "Wadsworth, Matthew J"]
[Black "Claridge-Hansen, William"]
[Result "1-0"]
[WhiteElo "2483"]
[BlackElo "2364"]
[PlyCount "63"]
[EventDate "2025.08.02"]
[EventType "swiss"]
[EventRounds "9"]
[EventCountry "GBR"]
[SourceTitle "BritBase"]
[Source "John Saunders"]
[SourceDate "2025.08.11"]
[SourceVersion "1"]
[SourceVersionDate "2025.08.11"]
[SourceQuality "1"]

1. d4 Nf6 2. c4 e6 3. Nf3 d5 4. Nc3 dxc4 5. e4 b5 6. e5 Nd5 7. Nxb5 Nb6 8. Be2 Nc6 9. O-O Be7 10. Be3 O-O 11. Nc3 Rb8 12. a3 Na5 13. Qc2 Bb7 14. Rad1 Qe8 15. Rfe1 Bc6 16. h3 Na4 17. Rb1 Nb6 18. Ng5 Bxg5 19. Bxg5 Qd7 20. Rbd1 Ba4 21. Nxa4 Nxa4 22. Qe4 Rxb2 23. Qg4 Rfb8 24. Bf6 g6 25. d5 Nc3 26. Qh4 Qe8 27. Rd4 Nxe2+ 28. Rxe2 h5 29. Rxb2 Rxb2 30. Qg5 Kh7 31. Rh4 Rb1+ 32. Kh2 1-0

[Event "GBR-ch 111th"]
[Site "Liverpool"]
[Date "2025.08.05"]
[Round "4.4"]
[White "Davies, Nigel R"]
[Black "Adams, Michael"]
[Result "0-1"]
[WhiteElo "2291"]
[BlackElo "2663"]
[PlyCount "98"]
[EventDate "2025.08.02"]
[EventType "swiss"]
[EventRounds "9"]
[EventCountry "GBR"]
[SourceTitle "BritBase"]
[Source "John Saunders"]
[SourceDate "2025.08.11"]
[SourceVersion "1"]
[SourceVersionDate "2025.08.11"]
[SourceQuality "1"]

1. d4 Nf6 2. Nf3 e6 3. Bf4 d5 4. e3 c5 5. c3 Nc6 6. Nbd2 Be7 7. Ne5 Nd7 8. h4 Qb6 9. Rb1 cxd4 10. exd4 O-O 11. Bd3 Ncxe5 12. dxe5 f5 13. Nb3 Nc5 14. Nxc5 Bxc5 15. Qe2 Bd7 16. O-O a6 17. g3 Bb5 18. Rfd1 Bxd3 19. Rxd3 Rac8 20. Re1 Rf7 21. Kg2 Qc6 22. f3 b5 23. a3 Qb7 24. Be3 Be7 25. Bf2 Rc4 26. Rd4 Rc6 27. Rd3 Rf8 28. Kh3 a5 29. Ra1 Rfc8 30. Bd4 Qd7 31. f4 Bc5 32. Bxc5 Rxc5 33. Rd4 Rc4 34. Rad1 Qa7 35. Rxc4 bxc4 36. Kh2 h6 37. Rg1 Rf8 38. Rg2 Rf7 39. Qf2 Qxf2 40. Rxf2 g5 41. h5 gxf4 42. gxf4 Rg7 43. a4 Kf8 44. b3 cxb3 45. Rb2 Rb7 46. Kg3 Ke7 47. Kf3 Kd7 48. Ke3 Kc6 49. Kd4 Rb6 0-1

[Event "GBR-ch 111th"]
[Site "Liverpool"]
[Date "2025.08.05"]
[Round "4.5"]
[White "Willow, Jonah B"]
[Black "Waldhausen Gordon, Frederick"]
[Result "1/2-1/2"]
[WhiteElo "2459"]
[BlackElo "2393"]
[PlyCount "117"]
[EventDate "2025.08.02"]
[EventType "swiss"]
[EventRounds "9"]
[EventCountry "GBR"]
[SourceTitle "BritBase"]
[Source "John Saunders"]
[SourceDate "2025.08.11"]
[SourceVersion "1"]
[SourceVersionDate "2025.08.11"]
[SourceQuality "1"]

1. c4 e6 2. g3 d5 3. Bg2 d4 4. Nf3 Nc6 5. O-O Nh6 6. e3 Nf5 7. e4 Nfe7 8. e5 d3 9. a3 a5 10. b3 Qd7 11. Bb2 b6 12. Nc3 Bb7 13. Rb1 Ng6 14. Re1 Nce7 15. h4 h5 16. Ne4 Nf5 17. Qc1 Be7 18. Bc3 Qd8 19. Ra1 Rh6 20. Qd1 Kf8 21. Kf1 Ra7 22. b4 Bc6 23. bxa5 bxa5 24. a4 Kg8 25. Rb1 Ra8 26. Qb3 Qd7 27. Ra1 Qd8 28. Bh1 Nf8 29. Qd1 Ra6 30. Rb1 Nh7 31. Bg2 Rg6 32. Ng1 Rh6 33. Qb3 Rb6 34. Qa2 Ra6 35. Rb2 Nf8 36. Qb1 Bxa4 37. Rb8 Qd7 38. Qb7 Rb6 39. Qa7 Rxb8 40. Qxb8 c5 41. Rb1 Bc6 42. Rb6 Bxe4 43. Bxe4 Qa4 44. Rb1 Qxc4 45. Re1 Nd4 46. Bxd4 Qxd4 47. Nf3 Qb4 48. Qxb4 cxb4 49. Ra1 Bd8 50. Nd4 Nd7 51. Rc1 Be7 52. Rc8+ Bf8 53. Nc6 g6 54. Nxa5 Nxe5 55. f4 Nd7 56. Bxd3 Nf6 57. Rb8 Kg7 58. Nc6 Rh8 59. Nxb4 1/2-1/2

[Event "GBR-ch 111th"]
[Site "Liverpool"]
[Date "2025.08.05"]
[Round "4.6"]
[White "Mahadevan, Siva"]
[Black "Harvey, Marcus R"]
[Result "1/2-1/2"]
[WhiteElo "2416"]
[BlackElo "2439"]
[PlyCount "107"]
[EventDate "2025.08.02"]
[EventType "swiss"]
[EventRounds "9"]
[EventCountry "GBR"]
[SourceTitle "BritBase"]
[Source "John Saunders"]
[SourceDate "2025.08.11"]
[SourceVersion "1"]
[SourceVersionDate "2025.08.11"]
[SourceQuality "1"]

1. e4 c6 2. d4 d5 3. e5 Bf5 4. h4 a6 5. c4 e6 6. Nc3 dxc4 7. Bxc4 h6 8. Nge2 Nd7 9. Ng3 Ne7 10. O-O Bh7 11. h5 Nf5 12. Nxf5 Bxf5 13. Be3 Bb4 14. Qb3 Bxc3 15. bxc3 b5 16. Be2 Be4 17. a4 Bd5 18. Qb4 Qe7 19. a5 Qxb4 20. cxb4 O-O-O 21. f4 f5 22. Kh2 Rdg8 23. g4 g6 24. Rg1 Nf8 25. Bf2 Kd7 26. Raf1 gxh5 27. gxh5 Ke8 28. Bg3 Rh7 29. Rc1 Rhg7 30. Rc3 Kd7 31. Rgc1 Kc7 32. Bf1 Nd7 33. Bh3 Kb7 34. Re1 Rd8 35. Bh4 Rdg8 36. Bf6 Nxf6 37. exf6 Rf7 38. Rg1 Rxg1 39. Kxg1 Rxf6 40. Rg3 Rf7 41. Rg6 Rh7 42. Bg2 Bb3 43. Kf2 Kc7 44. Bf3 Kd6 45. Rg8 Bd5 46. Be2 Kc7 47. Ra8 Kb7 48. Re8 Kc7 49. Ke3 Rg7 50. Rh8 Rg3+ 51. Kf2 Rg2+ 52. Ke3 Rg3+ 53. Kf2 Rg2+ 54. Ke3 1/2-1/2

[Event "GBR-ch 111th"]
[Site "Liverpool"]
[Date "2025.08.05"]
[Round "4.7"]
[White "Czopor, Maciej"]
[Black "Hebden, Mark L"]
[Result "1-0"]
[WhiteElo "2434"]
[BlackElo "2347"]
[PlyCount "115"]
[EventDate "2025.08.02"]
[EventType "swiss"]
[EventRounds "9"]
[EventCountry "GBR"]
[SourceTitle "BritBase"]
[Source "John Saunders"]
[SourceDate "2025.08.11"]
[SourceVersion "1"]
[SourceVersionDate "2025.08.11"]
[SourceQuality "1"]

1. e4 e5 2. Nf3 Nc6 3. Bc4 Nf6 4. d3 Be7 5. O-O d6 6. a4 O-O 7. a5 a6 8. Re1 h6 9. Nc3 Re8 10. h3 Nh7 11. Nd5 Bf8 12. c3 Ne7 13. Ne3 Be6 14. Bxe6 fxe6 15. Qb3 Qd7 16. d4 exd4 17. cxd4 Ng6 18. Bd2 c6 19. Nc4 Qf7 20. Bb4 Rad8 21. e5 c5 22. dxc5 dxc5 23. Bd2 Nf4 24. Bxf4 Qxf4 25. Rac1 Rd7 26. Rcd1 Rf7 27. Nd6 Bxd6 28. exd6 Nf8 29. Re2 Qb4 30. Qxb4 cxb4 31. Ne5 Rf5 32. g4 Rf4 33. d7 Rd8 34. Rc2 Kh7 35. Rc7 Re4 36. Nf7 Rxd7 37. Rdxd7 Nxd7 38. Rxd7 Re2 39. b3 Rb2 40. Rxb7 Rxb3 41. Ne5 Rxh3 42. Rxb4 Ra3 43. Nc6 Kg6 44. Kg2 Kg5 45. Rb6 Kxg4 46. Rxa6 h5 47. Ra7 g5 48. Rf7 Kh4 49. Rf6 g4 50. Rxe6 Kg5 51. Re5+ Kg6 52. Rc5 Ra1 53. Ne7+ Kh6 54. Nd5 Kg5 55. a6 Kf5 56. Rb5 Kg5 57. Nc7+ Kg6 58. Rb7 1-0

[Event "GBR-ch 111th"]
[Site "Liverpool"]
[Date "2025.08.05"]
[Round "4.8"]
[White "Conquest, Stuart C"]
[Black "Fava, Lorenzo"]
[Result "1/2-1/2"]
[WhiteElo "2511"]
[BlackElo "2318"]
[PlyCount "125"]
[EventDate "2025.08.02"]
[EventType "swiss"]
[EventRounds "9"]
[EventCountry "GBR"]
[SourceTitle "BritBase"]
[Source "John Saunders"]
[SourceDate "2025.08.11"]
[SourceVersion "1"]
[SourceVersionDate "2025.08.11"]
[SourceQuality "1"]

1. Nf3 d5 2. d4 Nf6 3. c4 c6 4. Nc3 e6 5. Qb3 dxc4 6. Qxc4 b5 7. Qb3 Nbd7 8. g3 Be7 9. Bg2 O-O 10. O-O a5 11. Rd1 Bb7 12. Bf4 Qb6 13. e4 Rfd8 14. Rac1 a4 15. Qc2 a3 16. b3 h6 17. h3 Rac8 18. Qe2 Bb4 19. e5 Nd5 20. Nxd5 cxd5 21. Bf1 Ba6 22. g4 Nf8 23. Be3 Bc3 24. Rc2 Bb2 25. Ne1 Ra8 26. Qf3 b4 27. Bxa6 Qxa6 28. Rc7 Rd7 29. Rc5 Qb6 30. Nd3 Rc7 31. Qe2 Bc3 32. Rxc7 Qxc7 33. f4 Qa7 34. Qf2 Qe7 35. Rf1 f6 36. f5 Nd7 37. fxe6 Qxe6 38. Nf4 Qc6 39. Ng6 Re8 40. Qf5 Qe6 41. Qxe6+ Rxe6 42. Nf4 Re8 43. Nxd5 fxe5 44. dxe5 Rxe5 45. Rd1 Nf6 46. Nxf6+ gxf6 47. Kf2 Kg7 48. Rd7+ Kg6 49. Ke2 h5 50. Kd3 hxg4 51. hxg4 Re8 52. Bd4 Rc8 53. Rd5 Bxd4 54. Rxd4 Rc3+ 55. Kd2 Rg3 56. Rxb4 Rg2+ 57. Kc3 Rxa2 58. Ra4 Rg2 59. Rxa3 Rxg4 60. Ra6 Kf7 61. b4 Ke7 62. b5 Kd7 63. Rxf6 1/2-1/2

[Event "GBR-ch 111th"]
[Site "Liverpool"]
[Date "2025.08.05"]
[Round "4.9"]
[White "Yao, Lan"]
[Black "Maroroa Jones, Gawain"]
[Result "0-1"]
[WhiteElo "2316"]
[BlackElo "2651"]
[PlyCount "82"]
[EventDate "2025.08.02"]
[EventType "swiss"]
[EventRounds "9"]
[EventCountry "GBR"]
[SourceTitle "BritBase"]
[Source "John Saunders"]
[SourceDate "2025.08.11"]
[SourceVersion "1"]
[SourceVersionDate "2025.08.11"]
[SourceQuality "1"]

1. e4 d6 2. d4 Nf6 3. Nc3 e5 4. Nf3 Nbd7 5. Bc4 Be7 6. O-O O-O 7. a4 c6 8. Re1 h6 9. h3 Re8 10. Ba2 exd4 11. Nxd4 Nc5 12. Qf3 Bf8 13. Bf4 Ne6 14. Nxe6 Bxe6 15. Bxe6 Rxe6 16. Re3 Qa5 17. Rae1 Rae8 18. b3 a6 19. Bg3 Qc5 20. R3e2 b5 21. Qd3 Nh5 22. Bh2 g6 23. axb5 axb5 24. Re3 Bg7 25. Nd1 Ra8 26. R3e2 Ra1 27. Kh1 Qb4 28. Rg1 Ra8 29. Rd2 Nf6 30. Bxd6 Qxe4 31. Bc5 Qh4 32. f3 Nd5 33. Bf2 Qg5 34. h4 Qe7 35. g3 Nb4 36. Qf1 Ra2 37. Rg2 Ra1 38. Kh2 Bc3 39. Bd4 Bxd4 40. Rxd4 Re1 41. Rd7 Rxf1 0-1

[Event "GBR-ch 111th"]
[Site "Liverpool"]
[Date "2025.08.05"]
[Round "4.10"]
[White "Fernandez, Daniel H"]
[Black "Vijayakumar, Rishi"]
[Result "1-0"]
[WhiteElo "2500"]
[BlackElo "2310"]
[PlyCount "70"]
[EventDate "2025.08.02"]
[EventType "swiss"]
[EventRounds "9"]
[EventCountry "GBR"]
[SourceTitle "BritBase"]
[Source "John Saunders"]
[SourceDate "2025.08.11"]
[SourceVersion "1"]
[SourceVersionDate "2025.08.11"]
[SourceQuality "1"]

1. e4 e5 2. Nf3 Nc6 3. Bb5 a6 4. Ba4 Nf6 5. Nc3 b5 6. Bb3 Bc5 7. O-O O-O 8. a4 Rb8 9. axb5 axb5 10. Nd5 Nxe4 11. d3 Nf6 12. Bg5 Be7 13. Nxe7+ Qxe7 14. Re1 h6 15. Bh4 Bb7 16. c3 Rfe8 17. d4 e4 18. Nd2 g5 19. Bg3 d5 20. Nf1 Qd7 21. Ne3 Re6 22. Rf1 Rbe8 23. h4 R6e7 24. hxg5 hxg5 25. Qd2 Re6 26. Nxd5 Nxd5 27. Qxg5+ Rg6 28. Qxd5 Qxd5 29. Bxd5 Nxd4 30. Bxb7 Ne2+ 31. Kh1 Rh6+ 32. Bh2 Kg7 33. Ra8 Ree6 34. g3 e3 35. Kg2 Ref6 1-0

[Event "GBR-ch 111th"]
[Site "Liverpool"]
[Date "2025.08.05"]
[Round "4.11"]
[White "Clarke, Brandon Gi"]
[Black "Shearsby, Jude"]
[Result "0-1"]
[WhiteElo "2491"]
[BlackElo "2270"]
[PlyCount "84"]
[EventDate "2025.08.02"]
[EventType "swiss"]
[EventRounds "9"]
[EventCountry "GBR"]
[SourceTitle "BritBase"]
[Source "John Saunders"]
[SourceDate "2025.08.11"]
[SourceVersion "1"]
[SourceVersionDate "2025.08.11"]
[SourceQuality "1"]

1. e4 e6 2. d4 d5 3. e5 c5 4. c3 Bd7 5. Nf3 Qb6 6. Bd3 Bb5 7. dxc5 Bxc5 8. b4 Bxd3 9. Qxd3 Bf8 10. Na3 a5 11. O-O Nc6 12. b5 Nb8 13. c4 Ne7 14. Be3 Qd8 15. b6 Nf5 16. Nb5 Na6 17. Nc7+ Nxc7 18. bxc7 Qxc7 19. cxd5 Qd7 20. d6 Be7 21. Rab1 Nxe3 22. Qxe3 Bd8 23. Nd4 Ra6 24. Rb5 Rb6 25. Rfb1 Rxb5 26. Rxb5 O-O 27. f4 Qc8 28. g3 Qc4 29. Rxb7 Qxa2 30. Nc6 Qa1+ 31. Kg2 Qa2+ 32. Qf2 Qc4 33. Qf3 a4 34. Nxd8 Rxd8 35. Ra7 g6 36. Kh3 Kg7 37. Rc7 Qb5 38. Kh4 Qb2 39. h3 Rxd6 40. Qa8 Rd4 41. Qa7 Kh6 42. Qa8 Rxf4+ 0-1